Deadpool 2 Quiz (SPOILERS) - Statistics

General Stats
  • This quiz has been taken 70 times
    68 since last reset
  • The average score is 13 of 26
Answer Stats
Actor Role % Correct
Ryan Reynolds Wade Wilson/Deadpool
100%
Josh Brolin Cable
89%
Hugh Jackman Wolverine
76%
Zazie Beetz Domino
71%
Morena Baccarin Vanessa
65%
Stefan Kapicic Colossus
64%
Ryan Reynolds Juggernaut
64%
James McAvoy Professor X
60%
Rob Delaney Peter
58%
Brianna Hildebrand Negasonic Teenage Warhead
55%
Nicholas Hoult Beast
53%
Julian Dennison Russell Collins/Firefist
53%
Evan Peters Quicksilver
51%
Brad Pitt Vanisher
51%
Leslie Uggams Blind Al
49%
Karan Soni Dopinder
47%
Shioli Kutsuna Yukio
47%
Lewis Tan Shatterstar
45%
T.J. Miller Weasel
45%
Tye Sheridan Cyclops
40%
Alexandra Shipp Storm
33%
Bill Skarsgard Zeitgeist
33%
Terry Crews Bedlam
24%
Kodi Smit-McPhee Nightcrawler
20%
Eddie Marsan Headmaster
13%
Thayr Harris Sergei Valishnikov
7%
No matching quizzes found
Score Distribution
Percent of People with Each Score
Percentile by Number Answered
Your Score History
You have not taken this quiz since the last reset